000 01175aab a2200193 i 4500
001 768714001
003 CO-MdFUSB
005 20240320114155.0
008 240316t1992 ag ||||| |||| 00| 0 spa d
040 _bspa
_cCO-MdFUSB
041 _aspa
100 1 _aBreneman, Mervin (1930-)
_eautor
245 1 _aÉtica del Antiguo Testamento (8)
_b: nuestra responsabilidad de preservar la vida
_c/ Mervin Breneman
300 _aVolumen 11, número 3 (julio - septiembre, 1992), páginas 24 - 25
_c; 27 cm
520 _aEl sexto mandamiento nos enseña la santidad de la vida. Pero vivimos en un mundo donde sufrimos cada vez más violencia. La vida humana vale cada vez menos. Aplicar una ética sanadora nos da dos desafíos que vemos en el ministerio de Jesús. Él sanó vidas, física y espiritualmente, y predicó el evangelio del Reino de Dios. Nos toca la misma responsabilidad. Los cristianos tenemos el mensaje que cambia los valores de la gente; debemos predicarlos y debemos vivirlo.
653 _aPreservación de la vida
773 0 _tIglesia y Misión
_049402
_959656
_gVolumen 11, número 3 (julio - septiembre, 1992), páginas: 24 - 25
_qpáginas: 24
942 _cANA
999 _c51970
_d51970